01761cam a22004097a 4500003000500000005001700005008004100022010001000063011001000073035001000083040000900093090001000102100003800112245020900150260004100359300001900400502007400419590003700493590004100530590004100571590004100612590004100653590004200694650003600736650002500772650002000797650005100817650004400868901000700912905002400919942000900943949006200952949005101014999001701065952014001082952012901222CHAP20220329142722.0030130d2002 mx a r 00110 spa d a86799 a87771 a98315 cCHAP aTesis00aBello Gómez, Joel Oscar.91139810aEvaluación técnico-financiera de la producción del jitomate (Lycopersicon esculentum Mill.) en hidroponia y en suelo bajo condiciones de invernadero en Libres, Pueblac/por Joel Oscar, Bello Gómez aChapingo, Méx. :bEl autor,c2002. a81 h. ;bilus. aTesis (Ing. Agr. Esp. en Fitotecnia) UACH. Departamento de Fitotecnia aALEPHb10c20130110lUCH01h1451 aBATCH-UPDb10c20130110lUCH01h0739 aBATCH-UPDb10c20130110lUCH01h2352 aBATCH-UPDb10c20130410lUCH01h0421 aBATCH-UPDb10c20130914lUCH01h1130 aCONVERSIONb10c20130109lUCH01h134814aCultivos en invernadero.93037614aHidroponía.95528014aTomate.911367214aTomatexAspectos económicoszPuebla.911368914aTomatexCostos de producción.9113701 aBK aMayto Villalobos S. cFOLL aTesisbBCcTESd33724000883518eTS2fc.2h40371i98315si aTesisbBCcTESd98315123eTS1h40372i98315sb c86799d86799 00102local4053708TESISaBCbBCcPA_TESISd2019-12-31fTESISl0oTesisp33724000883518r2019-12-31 00:00:00tc.2w2019-12-31yTESIS 00102local4051708TESISaBCbBCcPA_TESISd2019-12-31fTESISl0oTesisp98315123r2019-12-31 00:00:00w2019-12-31yTESIS